Les carrés parfaits-Mort subite - Statistiques

Statistiques générales
  • Ce quiz a été pris 189 fois
  • Le résultat moyen est 9 sur 14
Answers on the Grid
Answers color-coded by a green-red scale on the quiz's grid according to % correct below.
1
4
9
16
25
36
49
64
81
100
121
144
169
196
2
5
7
13
8
26
34
101
69
125
600
14
15
19
 
Statistiques - réponses
Réponse % Correct
4
70%
16
68%
25
68%
81
67%
100
65%
144
65%
64
65%
9
65%
49
61%
36
59%
121
58%
1
56%
169
46%
196
41%
Aucun quiz correspondant
Distribution des résultats
% des personnes avec chaque résultat
Percentile par nombre de réponses
Votre historique - résultats
Vous n’avez pas pris ce quiz